| 000 | 00480nam a2200181Ia 4500 | ||
|---|---|---|---|
| 999 |
_c40274 _d40274 |
||
| 003 | GCL | ||
| 005 | 20240530103525.0 | ||
| 008 | 140319s9999 xx 000 0 ara d | ||
| 040 |
_aGCL / _cGCL |
||
| 082 | 0 | 4 |
_a759.962 _bل م |
| 100 | 1 | _aلوتس عبدالكريم | |
| 245 | 1 | 0 |
_aالملكة فريدة / _cلوتس عبدالكريم |
| 300 | _a159 ص | ||
| 650 | 0 | 4 | _aتاريخ |
| 650 | 0 | 4 | _aالفن المصرى |
| 650 | 0 | 4 | _aالملكة فريدة |
| 942 |
_2ddc _cBK |
||